|
|
|
|
| LEADER |
00755nam a2200265 4500 |
| 001 |
DLU140161764 |
| 005 |
##20140521 |
| 040 |
# |
# |
|a DLU
|b vie
|
| 041 |
# |
# |
|a vie
|
| 044 |
# |
# |
|a vn
|
| 100 |
# |
# |
|a Nguyễn Thanh Xuân,
|c TS.
|
| 245 |
# |
# |
|a Khái quát về đạo tin lành /
|c Nguyễn Thanh Xuân.
|
| 653 |
# |
# |
|a Đạo tin lành
|
| 653 |
# |
# |
|a Quá trình hình thành đạo tin lành
|
| 653 |
# |
# |
|a Tôn giáo
|
| 773 |
# |
# |
|t Tâm lý học
|g Số 6(171), 2013, tr57-65.
|
| 920 |
# |
# |
|a Phòng Tạp chí -- Trung tâm Thông tin - Thư viện Trường Đại học Đà Lạt
|
| 994 |
# |
# |
|a DLU
|
| 900 |
# |
# |
|a True
|
| 911 |
# |
# |
|a Trương Thị Mỹ Lệ
|
| 925 |
# |
# |
|a G
|
| 926 |
# |
# |
|a A
|
| 927 |
# |
# |
|a BB
|
| 980 |
# |
# |
|a Thư viện Trường Đại học Đà Lạt
|